000 00664nam a2200169 i 4500
001 142608
003 ES-MaACL
007 t|
008 071009q19501959sp ||||1| spa d
100 1 _aViada y López-Puigcerver, Carlos.
_9114256
245 1 0 _aDerecho procesal y organización de tribunales
_b: obra ajustada al programa de oposiciones al secretariado de la administración de justicia /
_cCarlos Viada, Higinio Bartolomé, Juan Zubimendi.
260 _a[Madrid :
_bs.n.,
_c195-?] (
_fGráf. Clemares)
300 _a2 v. ;
_c24 cm.
700 1 _aBartolomé, Higinio.
_926162
700 1 _aZubimendi, Julián.
_9118404
852 _aES-MaACL
_jB-4679-80
_bR.36916
999 _c142608
_d142608